| Tag |
First Indicator |
Second Indicator |
Subfields |
| LEADER |
00000cam a2200000 4500 |
| 001 |
in00000049717 |
| 005 |
20151007073726.0 |
| 008 |
800610s1942 ag a 00000 spa |
| 010 |
|
|
|a 43012323
|
| 035 |
|
|
|a (OCoLC)06404919
|
| 035 |
|
|
|9 AAF0259AM
|
| 040 |
|
|
|a DLC
|c TXA
|d UtOrBLW
|
| 049 |
|
|
|a TXAM
|c [122884]
|
| 050 |
|
0 |
|a QH68
|b .M3
|
| 082 |
0 |
|
|a 590.74
|
| 092 |
|
|
|a 590.74
|b M383a
|
| 100 |
1 |
|
|a Martin de Yaniz, Juan.
|
| 245 |
1 |
0 |
|a Acuarios, plantas y peces.
|
| 264 |
|
1 |
|a [San Isidro (Provincia de Buenos Aires)] :
|b [Talleres graficos "Renacimiento" de F.L. Coratella],
|c [1942]
|
| 300 |
|
|
|a 1 page ., 5-206 pages :
|b illustrations ;
|c 24 cm.
|
| 336 |
|
|
|a text
|b txt
|2 rdacontent
|
| 337 |
|
|
|a unmediated
|b n
|2 rdamedia
|
| 338 |
|
|
|a volume
|b nc
|2 rdacarrier
|
| 650 |
|
0 |
|a Aquariums.
|
| 650 |
|
0 |
|a Fishes.
|
| 999 |
|
|
|a MARS
|
| 999 |
f |
f |
|s 8667de8b-bd2e-3460-b8d6-52d8e45e4896
|i 4ac72e18-e2e8-3610-9c98-6c630558adcf
|t 0
|
| 952 |
f |
f |
|p ric
|a Texas A&M University
|b Rellis Campus
|c Joint Library Facility
|d Remote Storage
|t 0
|e QH68 .M3
|h Library of Congress classification
|i unmediated -- volume
|m A14801004923
|
| 998 |
f |
f |
|a QH68 .M3
|t 0
|l Remote Storage
|